• 首页
  • 本馆介绍
  • 公告通知
  • 最新文献
  • 馆藏检索
  • 电子资源
  • 读者导购
  • 参考咨询
  • 我的图书馆
  • 登录
  • 详细信息显示
  • 放入我的书架
  • 预约/预借图书
  • 作者相关作品
  • 分类相关作品
  • 丛书相关作品
  • 出版社相关作品

书目信息

  • 表格格式
  • 工作单格式
  • 卡片格式
题名:
数学题解辞典
    
 
作者: 唐秀颖 主编
分册:  
出版信息: 上海   上海辞书出版社  1983
页数: 771页
开本: 19cm
丛书名:
单 册:
中图分类: O1-61
科图分类:
主题词: 数学--解题--词典
电子资源:
ISBN:
000 00701nam0 2200253 45
001 0183011891
005 20040927090034.3
010    @b精装@dCNY2.80
091    @a17187.91
100    @a19950706d1983 em y0chiy0121 ea
101 0  @achi
102    @aCN@b310000
105    @ay e 000yy
106    @ar
200 10 @a数学题解辞典@Ashu xue ti jie ci dian@e平面解析几何@f唐秀颖主编
210    @a上海@c上海辞书出版社@d1983
215    @a771页@d19cm
517 1  @a平面解析几何@Aping mian jie xi ji he
606    @a数学@x解题@x词典
690    @aO1-61@v3
701  0 @a唐秀颖@Atang xiu ying@4主编
801  0 @aCN@b上海图书馆@c20040921
801  2 @aCN@bNLC@c20040921
905    @dO1-61@e134:5@f1@b144149
    
    数学题解辞典:平面解析几何/唐秀颖主编.-上海:上海辞书出版社,1983
    771页;19cm
    
    
    ISBN (精装):CNY2.80
    
●
相关链接 在E读中查询图书 在五车中查询图书 在当当中查询图书 在豆瓣中查询图书


正题名:数学题解辞典     索取号:O1-61/134:5         预约/预借

序号 登录号 条形码 馆藏地/架位号 状态 备注
1 0144146   000556124   密集书库/ [索取号:O1-61/134:5] 在馆    
2 0144148   000556044   密集书库/ [索取号:O1-61/134:5] 在馆    
3 0144149   001963487   密集书库/ [索取号:O1-61/134:5] 在馆    
4 0144150   000556133   第二样本阅览室/ [索取号:O1-61/134:5] 在馆    
5 0153967   000556142   密集书库/ [索取号:O1-61/134:5] 在馆    
6 0153968   000556062   密集书库/ [索取号:O1-61/134:5] 在馆    
7 0153969   001960131   工具书阅览室/ [索取号:O1-61/134:5] 在馆    
8 0153970   000556071   密集书库/ [索取号:O1-61/134:5] 在馆    
9 0153971   000556213   密集书库/ [索取号:O1-61/134:5] 在馆    
唐山师范学院图书馆 欢迎您!
大连网信软件有限公司© 版权所有